000
00223nam a2200097 4500
082
_a
297.261IDA
100
_a
Idar-e-Ilm-ul-Quran
245
_a
Kitab-ul-Taharah
260
_a
Islamabad:
_b
Shah Fasial Masjid,
_c
1981.
942
_c
BK
999
_c
8572
_d
8572